Annual Report 2012-13 (Record no. 161377)

MARC details
000 -LEADER
fixed length control field 00276nam a22001217a 4500
003 - CONTROL NUMBER IDENTIFIER
control field OSt
082 ## - DEWEY DECIMAL CLASSIFICATION NUMBER
Classification number ICAR/DCR/AR/2012-13
245 ## - TITLE STATEMENT
Title Annual Report 2012-13
260 ## - PUBLICATION, DISTRIBUTION, ETC. (IMPRINT)
Place of publication, distribution, etc Karnataka
Name of publisher, distributor, etc Directorate of cashew research
300 ## - PHYSICAL DESCRIPTION
Extent 86 p.
546 ## - LANGUAGE
Language note English
942 ## - ADDED ENTRY ELEMENTS (KOHA)
Source of classification or shelving scheme Dewey Decimal Classification
Koha item type Report
Holdings
Lost status Source of classification or shelving scheme Damaged status Not for loan Home library Current library Shelving location Date acquired Total Checkouts Full call number Barcode Date last seen Koha item type
  Dewey Decimal Classification   Not For Loan KAU Central Library, Thrissur KAU Central Library, Thrissur Reports 06/08/2018   ICAR/DCR/AR/2012-13 809263 06/08/2018 Report
Kerala Agricultural University Central Library
Thrissur-(Dt.), Kerala Pin:- 680656, India
Ph : (+91)(487) 2372219
E-mail: librarian@kau.in
Website: http://library.kau.in/